000
00228nam a2200109Ia 4500
100
_a
#N/A
942
_c
BK
654
_a
pro-engineering
245
_a
Pro-Engineer Wildfire Release 2.0
260
_b
#N/A
_c
2005
546
_a
ENGLISH
999
_c
20219
_d
20219